[Event "Niederbayernliga 0607"]
[Site "Germany"]
[Date "2006.??.??"]
[Round "2.1"]
[White "Siemens, Andreas"]
[Black "Firlbeck, Hubert"]
[Result "1-0"]
[WhiteElo "1882"]
[BlackElo "1983"]
[PlyCount "67"]
[EventDate "2006.??.??"]
[EventType "team-tourn"]
[EventRounds "9"]
[EventCountry "GER"]
[SourceTitle "EXT 2008"]
[Source "ChessBase"]
[SourceDate "2007.11.25"]
[SourceVersion "1"]
[SourceVersionDate "2007.11.25"]
[SourceQuality "1"]
[WhiteTeam "Eggenfelden"]
[BlackTeam "Deggendorf"]
[WhiteTeamCountry "GER"]
[BlackTeamCountry "GER"]

1. Nf3 c5 2. e4 e6 3. d4 cxd4 4. c3 dxc3 5. Nxc3 Nc6 6. Bc4 Qc7 7. Qe2 Nf6 8. 0-0 Ng4 9. Nb5 Qb8 10. h3 h5 11. g3 a6 12. Nc3 Nge5 13. Nxe5 Nxe5 14. Bb3 h4 15. f4 Bc5+ 16. Be3 Qa7 17. Bxc5 Qxc5+ 18. Kg2 Nc6 19. Rac1 hxg3 20. Nd5 Qa5 21. Rfd1 Kf8 22. Ne3 Qh5 23. Qxh5 Rxh5 24. Kxg3 b5 25. Rd2 f6 26. Bd1 Rh7 27. Bf3 Rb8 28. Ng4 Ke7 29. Rcd1 g5 30. fxg5 fxg5 31. e5 Rf7 32. Bxc6 dxc6 33. Nf6 Rb7 34. Ng8+ 1-0

[Event "Niederbayernliga 0506"]
[Site "Germany"]
[Date "2006.??.??"]
[Round "9"]
[White "Siemens, Andreas"]
[Black "Schmidt, Wolfgang"]
[Result "0-1"]
[WhiteElo "1921"]
[BlackElo "2291"]
[PlyCount "84"]
[EventDate "2005.??.??"]
[EventType "team-tourn"]
[EventRounds "9"]
[EventCountry "GER"]
[SourceTitle "EXT 2008"]
[Source "ChessBase"]
[SourceDate "2007.11.25"]
[SourceVersion "1"]
[SourceVersionDate "2007.11.25"]
[SourceQuality "1"]
[WhiteTeam "Eggenfelden"]
[BlackTeam "Landshut"]
[WhiteTeamCountry "GER"]
[BlackTeamCountry "GER"]

1. Nf3 f5 2. d4 Nf6 3. c4 g6 4. Nc3 Bg7 5. Bg5 0-0 6. Qc2 d6 7. 0-0-0 Na6 8. Bxf6 Bxf6 9. a3 c5 10. d5 Qa5 11. e3 Nc7 12. Be2 a6 13. Nd2 b5 14. Ndb1 Bd7 15. Qd2 b4 16. Na2 Qa4 17. Qd3 bxa3 18. Qxa3 Rfb8 19. Rd2 Qxa3 20. Nxa3 Rb7 21. Nb1 Ba4 22. Bd1 Bxd1 23. Rhxd1 Rab8 24. Nbc3 Bxc3 25. bxc3 Rb1+ 26. Kc2 R8b2+ 27. Kd3 Rxd1 28. Rxd1 Rxa2 29. Rd2 Rxd2+ 30. Kxd2 Kf7 31. f3 Kf6 32. g3 e6 33. dxe6 Kxe6 34. Kc2 g5 35. h3 Ke5 36. Kd3 Na8 37. f4+ gxf4 38. exf4+ Ke6 39. Kc2 h5 40. Kb2 Nb6 41. Kb3 Kf6 42. h4 Ke6 0-1

[Event "Niederbayernliga 0506"]
[Site "Germany"]
[Date "2005.??.??"]
[Round "4"]
[White "Pollinger, Michael"]
[Black "Siemens, Andreas"]
[Result "1-0"]
[WhiteElo "2054"]
[BlackElo "1921"]
[PlyCount "83"]
[EventDate "2005.??.??"]
[EventType "team-tourn"]
[EventRounds "9"]
[EventCountry "GER"]
[SourceTitle "EXT 2008"]
[Source "ChessBase"]
[SourceDate "2007.11.25"]
[SourceVersion "1"]
[SourceVersionDate "2007.11.25"]
[SourceQuality "1"]
[WhiteTeam "Deggendorf"]
[BlackTeam "Eggenfelden"]
[WhiteTeamCountry "GER"]
[BlackTeamCountry "GER"]

1. e4 e5 2. Nf3 Nc6 3. Nc3 Nf6 4. Bb5 Nd4 5. Nxd4 exd4 6. e5 dxc3 7. exf6 cxd2+ 8. Bxd2 Qxf6 9. 0-0 Be7 10. Re1 0-0 11. Bc3 Qg5 12. Re5 Qf6 13. Bd3 g6 14. Bc4 Bb4 15. Bd4 Qd8 16. Qf3 d6 17. Re8 Qxe8 18. Qf6 Qe5 19. Bxe5 dxe5 20. Qxe5 Bd6 21. Qf6 Bf5 22. Re1 Rad8 23. h4 Rd7 24. h5 Rfd8 25. Bxf7+ Rxf7 26. Qxd8+ Rf8 27. Re8 Rxe8 28. Qxe8+ Kg7 29. c3 b6 30. f3 gxh5 31. Qxh5 Bg6 32. Qd5 a5 33. g4 Kf6 34. Kf2 Bc5+ 35. Kg3 Bd6+ 36. f4 Bb1 37. g5+ Ke7 38. Kg4 Kd7 39. f5 Ke7 40. Qe6+ Kf8 41. g6 hxg6 42. fxg6 1-0